| 000 | 00678nam a2200265 a 4500 | ||
|---|---|---|---|
| 005 | 20210219153137.0 | ||
| 008 | 991125n 000 0 u | ||
| 035 | _aUPN01000080028 | ||
| 100 | _aDana, Thomas M. | ||
| 222 | _aSCIENCE AND CHILDREN | ||
| 245 | _aFun-filled physics | ||
| 300 | _a28-31 | ||
| 362 | _a30, No. 7, 1993 | ||
| 505 | _aSeptiembre 1993 | ||
| 653 | 0 | _aACTIVIDADES CIENTIFICAS | |
| 653 | 0 | _aCIENCIA DE LA ESCUELA ELEMENTAL | |
| 653 | 0 | _aFISICA | |
| 653 | 0 | _aFUERZA | |
| 653 | 0 | _aGRAVEDAD FISICA | |
| 653 | 0 | _aINSTRUCCION CIENTIFICA | |
| 700 | _aPerkins, Rhonda | ||
| 700 | _aLedford, Kelly | ||
| 904 |
_aAC _b017839 |
||
| 905 | _aArticulo | ||
| 999 |
_c69341 _d69341 |
||